000
00320nam a2200121Ia 4500
008
230524s9999 xx 000 0 und d
100
_a
Vasant Desai
245
4
_a
The Dynamics of Entrepreneurial Development and Management
260
_b
Himalaya
500
_a
Quantity Number: 40
650
_a
Management
942
_c
BK
999
_c
49927
_d
49927